| 000 | 00924nam0a22002771 4500 | ||
|---|---|---|---|
| 001 | rc\4084394 | ||
| 005 | 20250611083742.0 | ||
| 021 |
_aRU _b[48-10609] |
||
| 035 | _a(NLR Aleph) 008127913 | ||
| 090 |
_a9405118 _c9405118 |
||
| 100 | _a20130415d1948 |||y0rusy50 ca | ||
| 101 | 0 | _arus | |
| 102 | _aRU | ||
| 105 | _aag z ||||| | ||
| 200 | 1 |
_aПионерский лагерь _e[Сборник |
|
| 210 |
_aМосква] _cМол. гвардия _d1948 _gТип. "Кр. знамя" |
||
| 215 |
_a272 с. _cил., нот. _d21 |
||
| 225 | 1 | _aБиблиотечка пионервожатого | |
| 300 | _aНа обороте тит. л. сост.: В. Струнин | ||
| 606 |
_aПионерские лагери _2psbo |
||
| 702 | 1 |
_aСтрунин _bВ.В. _gВадим Васильевич _4220 |
|
| 801 | 0 |
_aRU _bNLR _gpsbo |
|
| 801 | 1 |
_aRU _bELAR _2rusmarc |
|
| 852 |
_aNLR _jПр20 Г-3/123 |
||
| 942 | _cBOOK | ||
| 980 | _aNB | ||